000 00412nam a2200181Ia 4500
999 _c9650
_d9650
003 0100
005 20180219142325.0
008 130303s9999 xx 000 0 und d
020 _a0869255371
040 _cARRUPELIB
050 _aDT740.P37 1982
100 _aParsons, Neil
_931832
245 2 _aA new history of Southern Africa /
260 _aHarare
_bThe College Press
_c1982
300 _a330p.
300 _b 25cm
650 _aAfrica, Southern
_xHistory
_939290
942 _2lcc
_cMONOGRAPH